|
|
|
|
| LEADER |
00918nab#a2200325#ar4500 |
| 001 |
000004607 |
| 003 |
SVKKK |
| 005 |
20030902145554.0 |
| 008 |
030902c1997 e sloo |
| FMT |
|
|
|
| 038 |
|
|
|a SVKKK
|
| 040 |
|
|
|a SVKKK
|b slo
|e AACR2
|
| 041 |
0 |
|
|a slo
|
| 080 |
|
|
|a 79
|2 1981
|
| 080 |
|
|
|a 92
|2 1981
|
| 100 |
1 |
|
|a Soltész, Arpád
|4 aut
|
| 245 |
1 |
0 |
|a "Kto sa bojí vlka, nech sa v lese nepotĺka" :
|b S Andym Hrycom ako Faginom, Rácom a "broadcast pozitívnym" riaditeľom Twistu
|c Soltész Arpád, , Hryc Andy
|
| 260 |
|
|
|c 1997
|
| 650 |
0 |
4 |
|a divadlo
|z Hryc, Andrej (herec, podnikateľ 30.11.1949-,)
|
| 650 |
0 |
4 |
|a herec
|
| 650 |
0 |
4 |
|a riaditel rádia Twist
|z Košice
|
| 650 |
0 |
4 |
|a rozhovory profilové
|
| 700 |
1 |
|
|a Hryc, Andy
|4 aut
|
| 773 |
0 |
|
|t Košický večer
|g Roč. 8(1997), dát. 0530
|
| 957 |
|
|
|a Košice
|
| 974 |
|
|
|a Cr
|
| 992 |
|
|
|a RBX
|
| BAS |
|
|
|
| 852 |
|
|
|a SVKKK
|b BIB
|
| 998 |
|
|
|a REG
|